Corrosion Engineering (Record no. 4181)

000 -LEADER
fixed length control field 00580nam a22002177a 4500
001 - CONTROL NUMBER
control field 4181
003 - CONTROL NUMBER IDENTIFIER
control field BD-DhUET
008 - FIXED-LENGTH DATA ELEMENTS--GENERAL INFORMATION
fixed length control field 141113b xxu||||| |||| 00| 0 eng d
020 ## - INTERNATIONAL STANDARD BOOK NUMBER
International Standard Book Number 0071003600
040 ## - CATALOGING SOURCE
Original cataloging agency DLC
Language of cataloging DLC
Transcribing agency 0
Modifying agency BD-DhUET
082 ## - DEWEY DECIMAL CLASSIFICATION NUMBER
Item number FON/1987
Classification number 620.1122
100 ## - MAIN ENTRY--PERSONAL NAME
Personal name Fontana, Mars G.
245 ## - TITLE STATEMENT
Title Corrosion Engineering
250 ## - EDITION STATEMENT
Edition statement 3rd ed.
260 ## - PUBLICATION, DISTRIBUTION, ETC. (IMPRINT)
Place of publication, distribution, etc. New York
Name of publisher, distributor, etc. McGraw Hill
Date of publication, distribution, etc. 1987
300 ## - PHYSICAL DESCRIPTION
Extent xv, 556 p.
Other physical details ill.
490 ## - SERIES STATEMENT
Series statement Mcgraw Hill series in materils science
504 ## - BIBLIOGRAPHY, ETC. NOTE
Bibliography, etc Includes bibliographies
650 #0 - SUBJECT ADDED ENTRY--TOPICAL TERM
Topical term or geographic name as entry element Corrosion and anti -corrosion
942 ## - ADDED ENTRY ELEMENTS (KOHA)
Koha item type General Book
Holdings
Source of classification or shelving scheme Sublocation or collection (holding branch) Copy number Koha item type Lost status Koha out on loan Damaged status Koha normalized classification for sorting Withdrawn status Koha date last borrowed Koha date last seen Not for loan Date acquired Price effective from Shelving location Piece designation (barcode) Koha full call number Location (home branch) Koha issues (times borrowed)
 Central Library, BUET1General Book 2025-12-15 620_112200000000000_FON_1987 2025-12-012025-12-01 2014-11-132014-11-13Circulation section92097620.1122/FON/1987Central Library, BUET6
 Central Library, BUET2General Book 2025-12-20 620_000000000000000_1122FON198 2025-12-062025-12-06 2014-11-172014-11-17Circulation section71266620.1122/FON/1987Central Library, BUET4
 Central Library, BUET3Reading Item   620_112200000000000_FON_1987  2015-07-01 2015-07-012015-07-01Reading section92095620.1122/FON/1987Central Library, BUET